书目信息 |
| 题名: |
交流调速控制系统
|
|
| 作者: | 李华德 主编 | |
| 分册: | ||
| 出版信息: | 北京 电子工业出版社 2003.03 |
|
| 页数: | 376页 | |
| 开本: | 24cm | |
| 丛书名: | ||
| 单 册: | ||
| 中图分类: | TM340.12 | |
| 科图分类: | ||
| 主题词: | 交流电机 | |
| 电子资源: | ||
| ISBN: | 7-5053-8558-5 | |
| 000 | 00560nam0 2200193 45 | |
| 001 | 0435990944 | |
| 005 | 2004091609595093 | |
| 010 | @a7-5053-8558-5@d32.00CNY | |
| 100 | @a20040916d2003 km y0chiy0120 ea | |
| 101 | 0 | @achi |
| 102 | @aCN@b110000 | |
| 200 | 1 | @a交流调速控制系统@AJiao Liu Tiao Su Kong Zhi Xi Tong@f李华德主编@FLi Hua De Zhu Bian |
| 210 | @a北京@c电子工业出版社@d2003.03 | |
| 215 | @a376页@d24cm | |
| 606 | 0 | @a交流电机 |
| 690 | @aTM340.12@v3 | |
| 701 | 0 | @a李华德@ALi Hua De@4主编 |
| 801 | 0 | @aCN@bPFT@c20040916 |
| 905 | @a安徽大学@dTM340.12@eL170 | |
| 交流调速控制系统/李华德主编.-北京:电子工业出版社,2003.03 |
| 376页;24cm |
| ISBN 7-5053-8558-5:32.00CNY |
| ● |
| 相关链接 |
|
|
|
正题名:交流调速控制系统
索取号:TM340.12/L170
 
预约/预借
| 序号 | 登录号 | 条形码 | 馆藏地/架位号 | 状态 | 备注 |
| 1 | 394177 | 203941770 | 自科库301/301自科库 12排1列1层/ [索取号:TM340.12/L170] | 在馆 | |
| 2 | 394178 | 203941789 | 自科二线404/301自科库 8排4列4层/ [索取号:TM340.12/L170] | 在馆 | |
| 3 | 394179 | 203941798 | 自科库301/301自科库 12排1列1层/ [索取号:TM340.12/L170] | 在馆 |